Tourism and sustainable community development (Record no. 17762)
[ view plain ]
| 000 -LEADER | |
|---|---|
| fixed length control field | 00536nam a22001817a 4500 |
| 008 - FIXED-LENGTH DATA ELEMENTS--GENERAL INFORMATION | |
| fixed length control field | 190624b xxu||||| |||| 00| 0 eng d |
| 020 ## - INTERNATIONAL STANDARD BOOK NUMBER | |
| International Standard Book Number | 0415309158 |
| 040 ## - CATALOGING SOURCE | |
| Original cataloging agency | KABU |
| Transcribing agency | KABU |
| 050 ## - LIBRARY OF CONGRESS CALL NUMBER | |
| Classification number | G155 |
| Item number | .T68 2000 c. 1 |
| 245 ## - TITLE STATEMENT | |
| Title | Tourism and sustainable community development |
| Statement of responsibility, etc. | edited by Derek Hall & Greg Richards |
| 260 ## - PUBLICATION, DISTRIBUTION, ETC. (IMPRINT) | |
| Place of publication, distribution, etc. | Londonn |
| Name of publisher, distributor, etc. | Routledge |
| Date of publication, distribution, etc. | 2000 |
| 300 ## - PHYSICAL DESCRIPTION | |
| Extent | xviii, 314 p. |
| 650 ## - SUBJECT ADDED ENTRY--TOPICAL TERM | |
| Topical term or geographic name as entry element | Tourism |
| 650 ## - SUBJECT ADDED ENTRY--TOPICAL TERM | |
| Topical term or geographic name as entry element | Sustainable development |
| 700 ## - ADDED ENTRY--PERSONAL NAME | |
| Personal name | Hall, Derek (ed.) |
| 700 ## - ADDED ENTRY--PERSONAL NAME | |
| Personal name | Richards, Greg |
| 942 ## - ADDED ENTRY ELEMENTS (KOHA) | |
| Source of classification or shelving scheme | Library of Congress Classification |
| Koha item type | General Collection |
| Classification part | G155 |
| Withdrawn status | Lost status | Source of classification or shelving scheme | Not for loan | Home library | Current library | Date acquired | Cost, normal purchase price | Total Checkouts | Full call number | Barcode | Date last seen | Copy number | Price effective from | Koha item type |
|---|---|---|---|---|---|---|---|---|---|---|---|---|---|---|
| Library of Congress Classification | Kabarak, Main Campus | Kabarak, Main Campus | 24/06/2019 | 4580.80 | G155 .T68 2000 c. 1 | 023424 | 24/06/2019 | c. 1 | 24/06/2019 | General Collection | ||||
| Library of Congress Classification | Kabarak, Main Campus | Kabarak, Main Campus | 24/06/2019 | 4580.80 | G155 .T68 2000 c. 2 | 023425 | 24/06/2019 | c. 2 | 24/06/2019 | General Collection | ||||
| Library of Congress Classification | Kabarak, Main Campus | Kabarak, Main Campus | 24/06/2019 | 4580.80 | G155 .T68 2000 c. 3 | 023426 | 24/06/2019 | c. 3 | 24/06/2019 | General Collection |